00335nam a2200109Ia 4500008004100000082000800041100001100049245004600060942000600106952009800112999001500210240331s9999 xx 000 0 und d bSHA aSharaj 0aVadakkantharayil ammavin parambarai veedu cL 001040708LaWERCLbWERCLcSSCd2024-03-31l0o 891.48 SHAp6124r2024-03-31w2024-03-31yL c4722d4722